| 000 | 00366nam a22001217a 4500 | ||
|---|---|---|---|
| 082 | _a343.057 | ||
| 100 | _aChaudhary, Khursheed Ahmed | ||
| 245 |
_aManual of Stamp Laws / _cKhursheed Ahmed Chaudhary |
||
| 260 |
_aLahore : _bPakistan Legal Publishers, _c2019. |
||
| 300 |
_a432 p. ; _c24cm. |
||
| 942 |
_2ddc _cBK |
||
| 999 |
_c540987 _d540987 |
||